<?xml version="1.0" encoding="UTF-8"?>
<record
    xmlns:xsi="http://www.w3.org/2001/XMLSchema-instance"
    xsi:schemaLocation="http://www.loc.gov/MARC21/slim http://www.loc.gov/standards/marcxml/schema/MARC21slim.xsd"
    xmlns="http://www.loc.gov/MARC21/slim">

  <leader>00804nam a2200217Ia 4500</leader>
  <datafield tag="952" ind1=" " ind2=" ">
    <subfield code="0">0</subfield>
    <subfield code="1">0</subfield>
    <subfield code="2">ddc</subfield>
    <subfield code="4">0</subfield>
    <subfield code="7">0</subfield>
    <subfield code="9">162277</subfield>
    <subfield code="a">LDD</subfield>
    <subfield code="b">LDD</subfield>
    <subfield code="d">2019-01-17</subfield>
    <subfield code="l">0</subfield>
    <subfield code="o">8H1.71 &#x928;&#x940;6446&#x92E;&#x948;&#x902;</subfield>
    <subfield code="p">H021543</subfield>
    <subfield code="r">2019-01-17</subfield>
    <subfield code="w">2019-01-17</subfield>
    <subfield code="y">H</subfield>
  </datafield>
  <datafield tag="999" ind1=" " ind2=" ">
    <subfield code="c">162535</subfield>
    <subfield code="d">162535</subfield>
  </datafield>
  <controlfield tag="003">LDD</controlfield>
  <controlfield tag="005">20190415153435.0</controlfield>
  <controlfield tag="008">190117s9999    xx            000 0 und d</controlfield>
  <datafield tag="020" ind1=" " ind2=" ">
    <subfield code="a">9789382554745</subfield>
    <subfield code="c">&#x20B9;200</subfield>
  </datafield>
  <datafield tag="040" ind1=" " ind2=" ">
    <subfield code="c">LDD</subfield>
  </datafield>
  <datafield tag="041" ind1=" " ind2=" ">
    <subfield code="a">hi</subfield>
  </datafield>
  <datafield tag="082" ind1=" " ind2=" ">
    <subfield code="2">23</subfield>
    <subfield code="a">8H1.71 &#x928;&#x940;6446&#x92E;&#x948;&#x902; </subfield>
  </datafield>
  <datafield tag="100" ind1=" " ind2=" ">
    <subfield code="a">&#x928;&#x940;&#x930;&#x926;, &#x91C;&#x92F;&#x938;&#x93F;&#x902;&#x939;</subfield>
    <subfield code="e">&#x932;&#x947;&#x916;&#x915;</subfield>
    <subfield code="9">4965</subfield>
  </datafield>
  <datafield tag="245" ind1=" " ind2="0">
    <subfield code="a">&#x92E;&#x948;&#x902; &#x924;&#x941;&#x92E;&#x94D;&#x939;&#x93E;&#x930;&#x93E; &#x906;&#x907;&#x928;&#x93E;/</subfield>
    <subfield code="c">&#x91C;&#x92F;&#x938;&#x93F;&#x902;&#x939; &#x928;&#x940;&#x930;&#x926;</subfield>
  </datafield>
  <datafield tag="260" ind1=" " ind2=" ">
    <subfield code="b">&#x928;&#x92F;&#x940; &#x915;&#x93F;&#x924;&#x93E;&#x92C;</subfield>
    <subfield code="c">2017</subfield>
    <subfield code="a">&#x926;&#x93F;&#x932;&#x94D;&#x932;&#x940;  </subfield>
  </datafield>
  <datafield tag="300" ind1=" " ind2=" ">
    <subfield code="a">72</subfield>
  </datafield>
  <datafield tag="650" ind1=" " ind2=" ">
    <subfield code="a">&#x939;&#x93F;&#x902;&#x926;&#x940;-&#x915;&#x935;&#x93F;&#x924;&#x93E; </subfield>
    <subfield code="9">4966</subfield>
  </datafield>
  <datafield tag="901" ind1=" " ind2=" ">
    <subfield code="a">STAR                                                        </subfield>
  </datafield>
  <datafield tag="904" ind1=" " ind2=" ">
    <subfield code="a">Reqst by : Satyakam</subfield>
  </datafield>
  <datafield tag="942" ind1=" " ind2=" ">
    <subfield code="2">ddc</subfield>
    <subfield code="c">H</subfield>
    <subfield code="e">23</subfield>
    <subfield code="h">8H1.71 &#x928;&#x940;6446&#x92E;&#x948;&#x902; </subfield>
  </datafield>
</record>
